000 02084cam a22005054a 4500
001 14182876
003 OSt
005 20260422075656.0
008 051129s2005 nyuab c 000 1 eng
010 _a 2005034755
020 _a0439554004
020 _a9780439554008
035 _a14182876
035 _a(OCoLC)62679789
040 _aDLC
_cDLC
_dC#P
_dBAKER
_dDLC
041 1 _aeng
_hger
042 _alcac
_apcc
_alcac
050 0 0 _aPZ7.F96624
_bIns 2005
082 0 0 _a[Fic]
_222
100 1 _aFunke, Cornelia,
_d1958-
240 1 0 _aTintenblut.
_lEnglish
245 1 0 _aInkspell /
_cCornelia Funke ; translated from the German by Anthea Bell.
250 _a1st American ed.
260 _aNew York :
_bChicken House/Scholastic,
_c2005.
300 _a635 p. :
_bill., map ;
_c21 cm.
336 _atext
_btxt
_2rdacontent
337 _aunmediated
_bn
_2rdamedia
338 _avolume
_bnc
_2rdacarrier
500 _aSequel to Inkheart.
520 _aNow thirteen, Meggie "reads" herself into Inkworld, where she, her family, and the characters in the book face chaos and danger as the original creator of the world frantically tries to redirect the story.
650 1 _aBooks and reading
_vFiction.
650 1 _aAuthorship
_vFiction.
650 1 _aCharacters in literature
_vFiction.
650 1 _aBookbinding
_vFiction.
650 1 _aMagic
_vFiction.
655 7 _aFiction.
_2lcgft
_0https://id.loc.gov/authorities/genreForms/gf2014026339
700 1 _aBell, Anthea.
856 4 1 _3Table of contents only
_uhttp://www.loc.gov/catdir/toc/ecip065/2005034755.html
856 4 2 _3Publisher description
_uhttp://www.loc.gov/catdir/enhancements/fy1115/2005034755-d.html
856 4 2 _3Contributor biographical information
_uhttp://www.loc.gov/catdir/enhancements/fy1301/2005034755-b.html
906 _a7
_bcbc
_corignew
_d1
_eecip
_f20
_gy-gencatlg
942 _2lcc
_cBK
999 _c266222
_d266221